000 00834nam a2200253 i 4500
001 171718
003 ES-MaACL
005 20240129174347.0
007 t|
008 090526s1971 sp ||||1| cat d
017 _aB 1969-1971
080 _a849.9 Guimerá, Angel 1.06
100 1 _aFàbregas, Xavier.
_948556
245 1 0 _aAngel Guimerá
_b: les dimensions d'un mite /
_cXavier Fàbregas.
250 _a1ª ed.
260 _aBarcelona :
_bEdicions 62,
_c1971.
300 _a265, [2] p. ;
_c18 cm.
490 1 _aLlibres a l'abast ;
_v91
504 _aBibliografía.
600 1 4 _aGuimerá, Ángel,
_d1845-1924-
_xCrítica e interpretación
_960845
830 0 _aLlibres a l'abast ;
_v91
_9189023
852 4 _aES-MaACL
_jE-12683
_9R.140280
_z. - Biblioteca Jacinto Martínez Lacalle
999 _c171718
_d171718